| 000 | 01122nam a22003257a 4500 | ||
|---|---|---|---|
| 001 | 0011793 | ||
| 003 | DO-SdBPM | ||
| 005 | 20250521092221.0 | ||
| 007 | 0011793 | ||
| 008 | 161118b2001 sp ||| 00| 0 spa d | ||
| 020 | _a9788495598653 | ||
| 040 |
_aDO-SdBPM _bspa _cBPMSU |
||
| 082 | 4 |
_a863.3 _bC419d 2001 _222 |
|
| 100 | 1 |
_aCervantes Saavedra, Miguel de, _d1547-1616 _935 |
|
| 245 | 1 | 0 |
_aDon Quijote de la Mancha / _cMiguel de Cervantes Saavedra.; adaptación literaria Gloria Sanjuan |
| 246 | 1 | 4 | _aLas aventuras de Don Quijote de la Mancha |
| 250 | _a3a ed. | ||
| 260 |
_aMadrid : _bLibro-Hobby, _c2001. |
||
| 300 |
_a132 p. : _bil. ; _c28 cm. |
||
| 490 | 0 |
_aCervantes para niños ; _aFaro. |
|
| 590 | _aInventariado, 2025/VM | ||
| 600 | 1 | 4 |
_aCervantes Saavedra, Miguel de _d1547-1616 _tDon Quijote de la Mancha |
| 650 | 4 | _aCuentos infantiles españoles | |
| 650 | 4 |
_aCaballeros y caballería _vCuentos infantiles |
|
| 650 | 4 |
_aMancha _vAdaptaciones infantiles |
|
| 650 | 4 | _aLibros ilustrados para niños | |
| 700 | 1 | _aSanjuan, Gloria | |
| 910 | _aVMateo V. Control de calidad. BPMSU | ||
| 942 |
_2ddc _cBK |
||
| 999 |
_c12007 _d12007 |
||